000 00646nam a22002412a 4500
999 _c7543
_d7543
001 7543
003 Bd-JhCC
005 20180211131828.0
008 860101s1980 enk 000 0 eng d
035 _a(BD-JhCC)7543
040 _aUKM
_cUKM
_dOCL
_dEQO
_dBd-JhCC
041 _aeng
082 _a823/.7
_219
_bKEN 1980
100 1 _aKennett, John
245 1 0 _aIvanhoe /
_cSir Walter Scott and John Kennett
260 _aLondon :
_bLongman,
_c1980
300 _a122 p. :
_c21 cm
490 1 _aThe Kennett Library
600 1 0 _aScott, Walter,
_d1771-1832.
_tIvanhoe.
650 _aEnglish Stories
700 _aLow, Donald A.
942 _2ddc
_cBK